Brazil Decoder - Statistics

General Stats
  • This quiz has been taken 18 times
  • The average score is 13 of 21
Answer Stats
Hint Answer % Correct
A World's biggest river by volume Amazon
100%
E One of the two South American countries that Brazil doesn't border Ecuador
94%
O Event hosted in Rio in 2016 Olympics
94%
P Football player who won Brazil the World Cup three times Pelé
94%
I Waterfalls shared with Argentina Iguazu
88%
N This city name means "Christmas" Natal
88%
I The Girl From _______ Ipanema
81%
O National motto: _____ e Progresso Ordem
81%
T Newest state, created in 1988 Tocantins
81%
E Its capital is Vitoria: _______ Santo Espírito
75%
D Major suburb of Rio de Janeiro: _____ de Caxias Duque
63%
N Architect of Brasília Niemeyer
63%
R Capital of Pernambuco Recife
63%
C Mountain on which the Christ the Redeemer statue is situated Corcovado
50%
D Manmade process that has harmed much of Brazil's ecosystem Deforestation
50%
M Major city on the Rio Negro Manaus
50%
Independência ou Morte!
38%
N Highest point: Pico da ______ Neblina
38%
E Passes through the city of Macapá Equator
25%
U Major river formed by the Canoas and Pelotas rivers converging Uruguay
19%
E Largest power utility company Eletrobras
6%
No matching quizzes found
Score Distribution
Percent of People with Each Score
Percentile by Number Answered
Your Score History
You have not taken this quiz